| 000 | 00446nam a2200169 a 4500 | ||
|---|---|---|---|
| 005 | 20140310183216.0 | ||
| 008 | 030707s19uu xx 00 eng d | ||
| 020 | _a0689831390 | ||
| 050 |
_aPR 6056 _b.T969Ala 1999 |
||
| 100 | _aTwain, Mark | ||
| 245 |
_aThe adventures of Huckleberry Finn / _cMark Twain. |
||
| 260 |
_aNew York : _bAlladin, _c1999. |
||
| 300 |
_a506 p. : _c20 cm. |
||
| 650 | _aClassics | ||
| 942 |
_cBK _2lcc |
||
| 999 |
_c20234 _d20234 |
||